Potenciar la capacidad de aprender y pensar: qué cambiar para aprender y cómo aprender para cambiar
Gardado en:
| Main Authors: | , , |
|---|---|
| Formato: | Libro |
| Idioma: | Lingua castelá |
| Publicado: |
Madrid
Narcea
2000
|
| Edición: | 2a. ed |
| Series: | Colección Educación Hoy
|
| Subjects: | |
| Tags: |
Engadir etiqueta
Sen Etiquetas, Sexa o primeiro en etiquetar este rexistro!
|
MARC
| LEADER | 00000nam a2200000 a 4500 | ||
|---|---|---|---|
| 001 | UCN8158 | ||
| 003 | CL-VaPUC | ||
| 008 | 011109e20001100SP |||||||||||||||||spa|d | ||
| 020 | |a 8427712987 | ||
| 082 | 0 | 4 | |a 370.152 |b ONT |2 21 |
| 100 | |a Ontoria Peña, Antonio |e autor |9 381454 | ||
| 700 | |a Gómez, Juan Pedro R |e author |9 552751 | ||
| 700 | 0 | |a Molina Rubio, Ana |e author |9 464365 | |
| 245 | 1 | 0 | |a Potenciar la capacidad de aprender y pensar: qué cambiar para aprender y cómo aprender para cambiar |
| 250 | |a 2a. ed | ||
| 300 | |a 189 p | ||
| 942 | |c BK | ||
| 945 | |d 20011109 00:00:00 |a vberengu | ||
| 260 | |a Madrid |b Narcea |c 2000 | ||
| 650 | 0 | |a Psicología educacional |9 307830 | |
| 650 | 0 | |a Aprendizaje |9 254827 | |
| 650 | 0 | |a Rol del docente |9 329733 | |
| 650 | 0 | |a Desarrollo individual |9 307875 | |
| 650 | 0 | |a Cognición |9 270347 | |
| 650 | 0 | |a Razonamiento |9 256520 | |
| 650 | 0 | |a Procesos mentales superiores |9 330839 | |
| 650 | 7 | |a MODELOS MENTALES |2 CL-VaPUC |9 459088 | |
| 650 | 0 | |a Métodos de enseñanza |9 270413 | |
| 583 | |a last modification |c 20011109 00:00:00 |k Rodrigo Vera | ||
| 490 | 0 | |a Colección Educación Hoy | |
| 999 | |c 298190 |d 298188 | ||
| 952 | |0 0 |1 0 |4 0 |6 370_152000000000000_ONT_2000 |7 0 |8 A |9 353576 |a BIBEDU |b BIBEDU |d 2019-11-21 |i 3771105 |l 3 |m 1 |o 370.152 ONT 2000 |p 3771105 |r 2024-04-02 |s 2024-03-15 |w 2019-11-21 |y BK |k EDU | ||
| 952 | |0 0 |1 0 |4 0 |6 370_152000000000000_ONT_2000 |7 0 |8 A |9 353577 |a BIBTEO |b BIBTEO |d 2019-11-21 |i 3961982 |o 370.152 ONT 2000 |p 3961982 |r 2025-01-17 |w 2019-11-21 |y BK |k ICR | ||
| 952 | |0 0 |1 0 |4 0 |6 370_152000000000000_ONT_2000 |7 0 |8 A |9 353578 |a BIBGIM |b BIBGIM |d 2019-11-21 |i 4276868 |o 370.152 ONT 2000 |p 4276868 |r 2025-01-15 |w 2019-11-21 |y BK |k EST | ||